|
|
|
|
| LEADER |
00000nam a2200000 a 4500 |
| 001 |
vtls001193326 |
| 003 |
SK-MaSNL |
| 005 |
20260301194707.0 |
| 008 |
250414s1979 xo 0 slo |
| 035 |
|
|
|a SNK000136391
|
| 040 |
|
|
|a SNK
|b slo
|c SNK
|e AACR2
|
| 041 |
0 |
|
|a slo
|
| 044 |
|
|
|a xo
|c SK
|
| 080 |
|
|
|a 796.5(234.372.3)(084.3)
|2 1981
|
| 080 |
|
|
|a 908.234.372.3(084.3)
|2 1981
|
| 245 |
0 |
0 |
|a Biele Karpaty
|h Mapa
|b Letná turistická mapa ; Mária Oravcová, Miroslav Pekár, Helena Jarábková, Albert Keleman, Milan Ružek
|
| 250 |
|
|
|a 5. nezm. vyd.
|
| 255 |
|
|
|a Mierka 1:000 100 000
|
| 260 |
|
|
|a Bratislava
|b Slovenská kartografia
|c 1979
|e Bratislava
|f Slovenská kartografia
|
| 300 |
|
|
|a 1 l.
|c 44x52 cm
|
| 366 |
|
|
|e 13 000 výtl.
|
| 490 |
0 |
|
|a Súbor turistických máp
|
| 500 |
|
|
|a Mapa. Vysvetl. Graf. mierka. Mapa. obojstranná.Red. uzáv. 27. 1. 1978. Zodp. red. AlbertKelemen. Techn. red. Milan Ružek.
|
| 500 |
|
|
|a Mierka 1:100 000. Sprac. Slovenská kartografia, Bratislava. Zodp. red. Mária Oravcová. Techn. red. Miroslav Pekár. Ob. Helena Jarábková.
|
| 651 |
|
7 |
|a Biele Karpaty (Česko a Slovensko : pohorie)
|2 SNK
|9 102961
|
| 655 |
|
7 |
|a CMO
|2 SNK
|9 283153
|
| 700 |
1 |
|
|a Oravcová, Mária
|4 aut
|9 283182
|
| 700 |
1 |
|
|a Pekár, Miroslav
|4 aut
|9 283162
|
| 700 |
1 |
|
|a Jarábková, Helena
|4 aut
|9 283163
|
| 700 |
1 |
|
|a Keleman, Albert
|4 aut
|9 575679
|
| 700 |
1 |
|
|a Ružek, Milan
|4 aut
|9 10814
|
| 852 |
|
|
|a Slovenská národná knižnica
|
| 923 |
|
|
|a turistická
|
| 923 |
|
|
|a skladaná
|
| 923 |
|
|
|a pre verejnosť
|
| 954 |
|
|
|a SSR
|a Biele Karpaty
|
| 958 |
|
|
|a OND
|
| 999 |
|
|
|c 882735
|d 884665
|
| 952 |
|
|
|t P60, <04>, [BOOK], {604}
|a SNK
|b SNK
|y VYP
|7 0
|p 17A0131434
|o snkSLCm 1075 D1
|0 0
|1 0
|4 0
|d 1998-03-25
|l 0
|r 2005-01-01 00:00:00
|w 2026-02-24
|